| 000 | 00913nam a22002777a 4500 | ||
|---|---|---|---|
| 001 | 9543 | ||
| 003 | FISKH | ||
| 005 | 20260120163401.0 | ||
| 008 | 260120b cb ||||| |||| 00| 0 eng d | ||
| 020 | _a0307231186 | ||
| 040 |
_aFISKH _beng _cFISKH _dFISKH |
||
| 050 | _aPZ7.M929 I | ||
| 100 | _aMuntean , Michaela | ||
| 245 |
_aIf I lived alone / _cby Michaela Muntean : Illustrated by Carol Nicklaus |
||
| 260 |
_aGeorgia : _bFeaturing Jim Hensons' Seasame Street Muppets , _c1990 . |
||
| 300 |
_a28 unnumbered pages : _bcolor illustrations ; _c26 cm . |
||
| 490 | _aSesame Street Book Club | ||
| 505 | _aF | ||
| 520 | _aA young family member ponders the pros and cons of living alone. | ||
| 521 | 8 |
_a300
_bLexile estimate |
|
| 521 | 8 |
_aF
_bRaz-Plus |
|
| 650 |
_aSesame Street _vChildren's Books |
||
| 700 |
_aNicklaus , Carol _eIllustrator |
||
| 942 |
_2ddc _cBK _n0 |
||
| 999 |
_c9543 _d9543 |
||